| 000 | 00590nam a22001697a 4500 | ||
|---|---|---|---|
| 003 | UA-OsUOA | ||
| 001 | 14697 | ||
| 007 | ta | ||
| 008 | 20031017b un ||||| |||| 00| 0 ukr d | ||
| 100 | _aШевцова О. | ||
| 942 | _cSA | ||
| 040 |
_aUA-OsUOA _cUA-OsUOA _dUA-OsUOA |
||
| 245 | _aДари "Древлянських джерел" : [IY Міжнар. молодіж. фест. "Древлянські джерела" у Рівному] | ||
| 955 | _a0 | ||
| 773 | 0 |
_w0 _tВОЛИНЬ _dРівне _d2003 _g№35/29 серп./ |
|
| 650 | 7 |
_aКраєзнавча робота _2UDC |
|
| 999 |
_c300861 _d300861 |
||